00844 2200289 4500001002100000005001500021035002000036007000300056008004100059020002200100082001000122084001600132100002000148245011500168250002200283260003800305300003600343500001400379700002400393700002000417700001800437700001300455504003100468600003300499990001100532990001100543INLIS00000000000324420190418104626 a0010-0419000020ta190418 e 0 ind  a978-979-002-671-1 a631.5 a631.5 MUH t0 aMUHAMAD, Syukur1 aTeknik Pemuliaan Tanaman /cMuhamad Syukur, Sriani Sujiprihati, Rahmi Yulianti; editor, Sony Nugroho, Febriani aed. revisi, cet.3 aJakarta :bPenebar Swadaya,c2018 aiv, 345 hlm. :bilus. ;c23 cm. aGlosarium0 aSRIANI, Sujiprihati0 aRAHMI, Yulianti0 aSONY, Nugroho0 aFEBRIANI aBibliografi : hlm. 325-332 4aPERTANIAN. PEMULIAAN TANAMAN a6708 a a6708 b